1438 1331 1324 1194 1707 1778 1391 1128 1726 1977 1725 1917 1154 1529 1797 1447 1959 1852 1055 1464 1429 1693 1913 1366 1298 1004 1286 1863 1693 1730 1129 1724 1955 1370 1621 1772 1076 1870 1285 1627 1578 1606 1553 1305 1860 1735 1211 1075 1034 1174 1281 1706 1410 1345 1811 1278 1605 1253 1352 1403 1593 1200 1596 1970 1723 1286 1089 1360 1567 1195 1679 1768 1358 1440 1579 1923 1981 1977 1399 1207 1089 1124 1485 1679 1190 1431 1348 1152 1219 1416 1435 1971 1461 1992 1893 1981 1692 1161 1590 BCNSPRNW ULIB Ver.6.0+V

เปลี่ยนเป็นภาษาไทย

Change to English
 แสดงรายละเอียดบรรณานุกรม
  กลับหน้าหลัก

Brief Record : Get Marc (ISO 2709) : E-mail record : QR code < ปิดหน้าต่าง
LEADER : 00000nam 2200000uu 4500
001    13399122822
003     ULIB
008    130927s2554||||th 000 0 tha d
020    ^a9786167078168
090    นว.^bภ21พ
100 0  ^aภาคินัย
245 10 ^aพอร์ซเลน...ตุ๊กตาอาฆาต /^cภาคินัย [นามแฝง]
260    ^aกรุงเทพฯ :^bโซฟา พับลิชชิ่ง,^c2554
300    ^a256 หน้า
945    ^p200^l0^i034048
999    ^aเกษร โพธิ์สุวรรณ
รายการนี้ยังไม่มีแท็ก
คุณยังไม่ได้ล็อกอิน คุณสามารถมีกิจกรรมร่วมกับเว็บไซต์ได้ แต่ต้องล็อกอินก่อน ::
  ล็อกอิน

รายการสื่อสารสนเทศ

ลำดับที่ ประเภท เลขเรียก/บาร์โค้ด สถานที่ สถานะ
1. นวนิยาย
นวนิยาย
นว. ภ21พ ฉ.1 
  Barcode: 034048
ห้องสมุดวิทยาเขตสวรรค์ประชารักษ์
►นวนิยาย
บนชั้น
  ขอยืม

รายการใกล้เคียง
    ผู้แต่ง [ภาคินัย]

BibComment


ยังไม่เคยถูกคอมเมนท์

คอมเมนท์ทรัพยากรรายการนี้
  คอมเมนท์: พอร์ซเลนตุ๊กตาอา..


 Copyright 2026. Bcnsprnw @Library